000 00582nam a2200217Ia 4500
003 OSt
005 20220928140712.0
006 a|||||r|||| 00| 0
007 ta
008 220927b |||||||| |||| 00| 0 eng d
024 _a11196
037 _cTextual
040 _aSDCL
_cSDCL
_beng
041 _2eng
_aeng
082 _aD6,8(B2895), L3
100 _aStone Harold S Ed.
_9497132
245 0 _aDiscrete mathematical structures and their applications
260 _c1973
942 _hD6,8(B2895), L3
_cTEXL
_2CC
999 _c813641
_d813641